| 000 | 00875nam a22002417a 4500 | ||
|---|---|---|---|
| 008 | 131202t2013 xxua|||fr|||| 001 0 eng d | ||
| 020 | _a813151885X | ||
| 020 | _a9788131518854 | ||
| 082 | 0 | 4 |
_222 _a621.38216 _bPRO |
| 100 | 1 |
_933146 _aProakis, John G. |
|
| 245 | 1 | 0 |
_aModern communication systems using MATLAB / _cJohn G. Proakis, Masoud Salehi, Gerhard Bauch. |
| 250 | _a3rd ed. | ||
| 260 |
_aAndover : _bCengage Learning, _cc.2013. |
||
| 300 |
_avii ; 580 p. : _bill. ; _c24 cm. |
||
| 504 | _aIncludes bibliographical references (p. 573-574) and index. | ||
| 650 | 0 |
_aData transmission systems _xComputer simulation. _934519 |
|
| 650 | 0 |
_aTelecommunication systems _xComputer simulation _934520 |
|
| 653 |
_bEle _cDecember2013 |
||
| 655 |
_vtext book _933728 |
||
| 700 |
_934517 _aSalehi, Masoud |
||
| 700 |
_934518 _aBauch, Gerhard |
||
| 942 |
_2ddc _cBB _k621.38216 PRO |
||
| 999 |
_c17775 _d17747 |
||